000 00620nam a22002057a 4500
003 OSt
005 20260511114904.0
008 260511b |||||||| |||| 00| 0 eng d
020 _a9781984695772 Pbk. Bp.
040 _aMMSU
_cULS
050 _aGE 105 W37 2025 CIRC
100 _aWard, Lydia
245 _aEnvironmental geography /
_cLydia Ward.
260 _aNew York, NY :
_b3G E-Learning,
_c2025.
300 _axvii, 309 pages :
_billustrations ;
_c26 cm.
504 _aIncludes bibliographical references and index.
650 _aEnvironmental sciences.
650 _aEnvironmental geography.
942 _2lcc
_cBK
999 _c29139
_d29139